000 00312nam a2200121Ia 4500
005 20251222144817.0
008 251222s9999||||xx |||||||||||||| ||spa||
082 _a379.985/R47
100 _aRey Rey, Rafael
245 0 _aProyectos de la Ley General de Educación
264 _bEdiciones Educativas
942 _cLIB
999 _c20323
_d20323